| 000 | 00492 a2200169 4500 | ||
|---|---|---|---|
| 003 | OSt | ||
| 005 | 20260320142215.0 | ||
| 008 | 260320b |||||||| |||| 00| 0 eng d | ||
| 020 | _a9781403976529 | ||
| 040 | _c. | ||
| 082 |
_a323.4 _bCEV |
||
| 245 |
_aThe Development of Institutions of Human Rights: _ba comparative study/ _cedited by Lilian A. Barria and Steven D. Roper |
||
| 260 |
_aUK: _bPalgrave Macmillan, _c2010 |
||
| 300 |
_a224p.; _c23cm. |
||
| 650 | _aHuman Rights | ||
| 942 |
_cBK _2ddc |
||
| 999 |
_c4368 _d4368 |
||